000 00908nam a2200277Ia 4500
001 Para_6658
003 CHAP
008 220125s1974 xx 000 0 und d
010 _a205505
040 _cCHAP
090 _aPA FOLLETO 654
110 _aMéxico. Leyes, Decretos, etc.
_977071
245 _aLey de sanidad fitopecuaria de los Estados Unidos Mexicanos y su reglamento en materia de Sanidad Vegetal /
_c por Dirección General de Sanidad Vegetal
260 _aMéxico :
_b La Dirección
300 _a86 p.
650 _aSanidad animal
_x leyes
_x México
_9141120
650 _aSanidad vegetal
_x leyes
_x México
_9171535
710 _aMéxico. Dirección General de Sanidad Vegetal.
_977045
901 _aPA FOLLETO 654
902 _aA
905 _a0000001974 0000000000 00
910 _a1974
942 _cPARA
942 _cPARA
_d1
999 _c205505
_d205505